[Event "IECG CP.2003.P.00075 email"]
[Site "IECG email"]
[Date "2003.10.01"]
[Round "?"]
[White "Bozkurt, Mehmet"]
[Black "Abdala, Hilda Noemi"]
[Result "1/2-1/2"]
[WhiteElo "1865"]
[BlackElo "2179"]
[PlyCount "117"]
[EventDate "2003.10.01"]
[EventType "tourn (corr)"]
[EventRounds "6"]
[EventCountry "ARG"]
[SourceTitle "Corr 2008"]
[Source "ChessBase"]
[SourceDate "2008.06.24"]
[SourceVersion "1"]
[SourceVersionDate "2008.06.24"]
[SourceQuality "1"]

1. e4 e5 2. Nf3 Nf6 3. Nxe5 d6 4. Nf3 Nxe4 5. d4 d5 6. Bd3 Be7 7. 0-0 Nc6 8. Re1 Bg4 9. c4 Nf6 10. Nc3 Bxf3 11. Qxf3 Nxd4 12. Qd1 Ne6 13. cxd5 Nxd5 14. Bb5+ c6 15. Nxd5 cxb5 16. Qb3 0-0 17. Nxe7+ Qxe7 18. Qxb5 a6 19. Qf5 Qb4 20. Qe5 Rfe8 21. Be3 f6 22. Qh5 Qxb2 23. Rab1 Qxa2 24. Rxb7 Qc2 25. h3 Qg6 26. Qf3 Ng5 27. Qg3 Nf7 28. Qxg6 hxg6 29. Rd1 Red8 30. Ra1 Nd6 31. Rb6 a5 32. Rc6 Nf5 33. Rc5 Nxe3 34. fxe3 a4 35. Rc4 a3 36. Rc3 a2 37. Rc2 Rd3 38. Rcxa2 Rxa2 39. Rxa2 Rxe3 40. Kf2 Re4 41. Ra7 Rh4 42. Ra3 g5 43. Ra7 Rb4 44. Kf3 Kh7 45. Ke3 Rb6 46. Kf3 Kh6 47. Ke4 Rb2 48. Kf3 Rb3+ 49. Kf2 f5 50. Ra6+ g6 51. Ra4 Kh5 52. Rc4 Rb2+ 53. Kf3 f4 54. Rc3 Kh4 55. Ra3 Rb1 56. Ra6 Kh5 57. Ra3 Rf1+ 58. Ke2 Rc1 59. Kf3 1/2-1/2

[Event "IECG CP.2003.P.00075 email"]
[Site "IECG email"]
[Date "2003.10.01"]
[Round "?"]
[White "Lim, John"]
[Black "Bozkurt, Mehmet"]
[Result "1/2-1/2"]
[WhiteElo "2100"]
[BlackElo "1865"]
[PlyCount "56"]
[EventDate "2003.10.01"]
[EventType "tourn (corr)"]
[EventRounds "6"]
[EventCountry "ARG"]
[SourceTitle "Corr 2008"]
[Source "ChessBase"]
[SourceDate "2008.06.24"]
[SourceVersion "1"]
[SourceVersionDate "2008.06.24"]
[SourceQuality "1"]

1. e4 c5 2. Nf3 d6 3. d4 cxd4 4. Nxd4 Nf6 5. Nc3 a6 6. Be2 e6 7. 0-0 Be7 8. f4 0-0 9. a4 Nc6 10. Be3 Qc7 11. Bf3 Rb8 12. Qe2 e5 13. Nxc6 bxc6 14. b3 exf4 15. Bxf4 Nd7 16. Qe3 Ne5 17. Bh5 Bf6 18. Rad1 Bb7 19. Ne2 Rfe8 20. Ng3 Bc8 21. Be2 Rb4 22. Rd2 g6 23. Rdd1 Re6 24. Rf2 Bg7 25. Rdf1 Re7 26. Kh1 c5 27. Qd2 Rd4 28. Qc1 Rb4 1/2-1/2

[Event "IECG CB.2003.0.00080 email"]
[Site "IECG email"]
[Date "2003.05.20"]
[Round "?"]
[White "Bozkurt, Mehmet"]
[Black "Milde, Lars"]
[Result "1-0"]
[WhiteElo "1865"]
[BlackElo "1833"]
[PlyCount "47"]
[EventDate "2003.05.20"]
[EventType "tourn (corr)"]
[EventRounds "6"]
[SourceTitle "Corr 2008"]
[Source "ChessBase"]
[SourceDate "2008.06.24"]
[SourceVersion "1"]
[SourceVersionDate "2008.06.24"]
[SourceQuality "1"]

1. e4 e5 2. Nc3 Nf6 3. Bc4 Nc6 4. d3 Bc5 5. f4 d6 6. Nf3 Bg4 7. Na4 Qe7 8. Nxc5 dxc5 9. Bb5 c4 10. Bxc4 0-0-0 11. h3 Nxe4 12. hxg4 Ng3 13. Kf2 Nxh1+ 14. Qxh1 exf4 15. Bxf4 h6 16. Qh5 g6 17. Qh2 Na5 18. Re1 Qf8 19. Re4 Re8 20. Rxe8+ Qxe8 21. Bxc7 Nxc4 22. dxc4 Qc6 23. Be5 f6 24. Bc3 1-0

[Event "IECG QB.2003.0.00036 email"]
[Site "IECG email"]
[Date "2003.05.17"]
[Round "?"]
[White "Hargreaves, John Richard"]
[Black "Bozkurt, Mehmet"]
[Result "0-1"]
[WhiteElo "1890"]
[BlackElo "1865"]
[PlyCount "40"]
[EventDate "2003.05.17"]
[EventType "tourn (corr)"]
[EventRounds "6"]
[SourceTitle "Corr 2008"]
[Source "ChessBase"]
[SourceDate "2008.06.24"]
[SourceVersion "1"]
[SourceVersionDate "2008.06.24"]
[SourceQuality "1"]

1. e4 c5 2. Nf3 d6 3. Nc3 Nf6 4. Bb5+ Bd7 5. Bxd7+ Nbxd7 6. 0-0 g6 7. d3 Bg7 8. Re1 0-0 9. h3 Re8 10. Bd2 a6 11. Qc1 b5 12. Bh6 Qc7 13. a3 Bh8 14. a4 b4 15. Ne2 Rab8 16. b3 a5 17. Rb1 d5 18. e5 Nh5 19. d4 Ng7 20. c4 bxc3 0-1